Co víte o moderní logice

Enregistré dans:
Détails bibliographiques
Auteurs principaux: Čechák, Vladimír (Auteur), Berka, Karel (Auteur), Zapletal, Ivo (Auteur)
Format: Livre
Langue:tchèque
Publié: Praha : Horizont, 1981
Tags: Ajouter un tag
Pas de tags, Soyez le premier à ajouter un tag!

MARC

LEADER 00000nam a22000003a 4500
001 stu93096
005 20150617225617.7
008 050303s1981------------------------cze-d
040 |a STU  |b slo 
041 0 |a cze 
080 |a 16 
080 |a 517.1 
080 |a 519.5 
100 1 |a Čechák, Vladimír  |4 aut 
245 1 |a Co víte o moderní logice 
260 |a Praha :  |b Horizont,  |c 1981 
300 |a 326 s 
700 1 |a Berka, Karel  |4 aut 
700 1 |a Zapletal, Ivo  |4 aut 
996 |b I7461  |c 16 ČEC  |l II680  |s A  |a 24  |w stu93096_0002